Tilastot visalle Valtioiden muotoja maailmankartalla #4

Klikkaa tästä pelataksesi tätä visaa!

Yleistilastot

  • Tätä visaa on pelattu 978 kertaa
  • Keskiarvotulos 18 / 20

Vastaukset kartalla

Vastauksille on annettu kartalla punavihreä väri sen mukaan, kuinka moni on saanut sen oikein.
 

Vastaustilastot

Valtio% Oikein
Yhdysvallat
100%
Ranska
99%
Argentiina
98%
Egypti
98%
Ukraina
98%
Etelä-Korea
96%
Peru
95%
Marokko
94%
Tšekki
94%
Filippiinit
91%
Irak
91%
Serbia
89%
Niger
85%
Malesia
84%
Kenia
81%
Turkmenistan
81%
Bhutan
78%
Zimbabwe
76%
Guinea
72%
Gabon
66%

Tulosjakauma

Persentiili vastausten määrän mukaan

Jokaisen tuloksen saaneiden osuus

Tuloshistoriasi

Et ole pelannut tätä visaa